00699nam a22002057a 4500003000900000005001700009008003200026040002200058082001900080100001700099245008500116260002700201300002800228700002600256942001200282945003800294952011100332956003300443999001700476DO-SdBNP20171205110736.0171121b 1980 |||| 00| 0 spa d aBPMSUbspacBPMSU axxxxxxbxxxxxx1 aD. Nosov, S.1 aEnfermedades infecciosas infantiles /cS. D. Nosov ; traducción Ana P. Scherba aMoscú :bMir,c1980. 3446 p. :bil. ;c22 cm.1 aP. Scherba, Ana,etr. 2ddccBK aInventariado extranjero / 2017 VM 00102ddc40708CGaBPMETbBPMETd2017-11-21l0oxxxxxx xxxxxxpBPMSU17110316r2017-11-21w2017-11-21yBK aBTAVAREZb10c20171121d0038 c13001d13001